000 00449nam a2200181Ia 4500
005 20230506101430.0
008 131103s9999 xx 000 0 und d
040 _aLoreto College
041 _aEnglish
082 _a823.91
_bCON
100 _aConrad,Joseph
245 2 _aA set six
_cJoseph Conrad
260 _aLondon
_bJ.M.Dent
_c1961
300 _axi,291 p.
504 _aIncludes bibliographical references
850 _aLCLIB
942 _cBK
999 _c4887
_d55366